Sports Quiz

Random Sports or Baseball Quiz

MLB Stolen Base Leaders (Career) Quiz Stats

 Plays Quiz Updated Feb 16, 2019

     
Support Sporcle.
Go Orange.
Score 0/20 Timer 06:00
3 Plays Today
Stolen Bases Player % Correct
1406Rickey Henderson
97.8%
938Lou Brock
71.6%
892Ty Cobb
67.8%
752Vince Coleman
49.3%
808Tim Raines
48.1%
586Maury Wills
35%
722Honus Wagner
32.6%
622Kenny Lofton
32.6%
614Juan Pierre
31.6%
689Joe Morgan
29.1%
Stolen Bases Player % Correct
668Willie Wilson
26.7%
912Billy Hamilton
21.6%
620Otis Nixon
16.5%
741Eddie Collins
15.8%
616George Davis
14.6%
649Bert Campaneris
9%
738Max Carey
8.3%
657Tom Brown
6.3%
739Arlie Latham
3.9%
594Dummy Hoy
3.4%

From the Vault

Quick! Click the Only One!

by MSUKent

Everything on this quiz is just a little rare.
Remove Ads.
Support Sporcle.
Get the best of Sporcle when you Go Orange. This ad-free experience offers more features, more stats, and more fun while also helping to support Sporcle. Thank you for becoming a member.

Show Comments

Extras

Top Quizzes Today


Score Distribution

Your Account Isn't Verified!

In order to create a playlist on Sporcle, you need to verify the email address you used during registration. Go to your Sporcle Settings to finish the process.

Report this User

Report this user for behavior that violates our Community Guidelines.

Details: